00949nam a2200265 a 450000100100000000500170001000800410002702000180006804000250008608200170011110000320012824500860016026000290024630000210027549000230029650400430031965000260036265000290038870000310041770000310044883000300047991000390050995201200054899900150066800000462320200929151455.0090724s2007 sp 000 0 spa d a9788479623869 aDO-SdBNPbspacBNPHU a895.7bC545p1 aChoi, In-Hun,d1936-91347913aLa Plaza :bChoi In-Hun ; traducción Lim Hyo-Sang ; prefacio Gregorio Salvador. aMadrid :bVerbum,c2007. a142 p. ;c20 cm.1 vLiteratura coreana aIncluye notas al pie de las páginas. 4aNovela coreana913480 4aLiteratura coreana963451 aHyo-Sang, Lim,etr.9134811 aSalvador, Gregorio,913482 0aLiteratura coreana913483 aValidado. Control de calidad BNPHU 001052708MOaGRbGRcCTd2009-07-24iLF1l0o895.7 C545pp4623-10r2020-06-25w2020-06-25y2ZPréstamo interno c4431d4431